Bifurcation theory and applications

Αποθηκεύτηκε σε:
Λεπτομέρειες βιβλιογραφικής εγγραφής
Κύριος συγγραφέας: Ma, Tian 1956-
Άλλοι συγγραφείς: Wang, Shouhong 1962-
Μορφή: Βιβλίο
Γλώσσα:English
Δημοσίευση: Singapore : World Scientific, 2005
Σειρά:World Scientific series on nonlinear science. Monographs and treatises ; ; 53; Series A
Θέματα:
Ετικέτες: Προσθήκη ετικέτας
Δεν υπάρχουν, Καταχωρήστε ετικέτα πρώτοι!

MARC

LEADER 00000nam a2200000 i 4500
001 1/91915
008 080808s2005 eng d
020 |a 981-256-287-7 
035 |l 10099400 
040 |a GR-MY-UA  |b gre  |e aacr 
041 0 |a eng 
082 0 |a 515.392  |2 (22) 
100 1 |a Ma, Tian  |d 1956- 
245 1 0 |a Bifurcation theory and applications /  |c Tian Ma, Shouhong Wang 
260 |a Singapore :   |b World Scientific,   |c 2005 
300 |a xiii, 375 σ.;  |b εικ.;  |c 24 εκ. 
490 1 |a World Scientific series on nonlinear science. Monographs and treatises   |v ; 53; Series A 
504 |a Βιβλιογραφία: σ. [367]-372 
504 |a Ευρετήριο: σ. 373-375 
650 0 0 |a Bifurcation theory. 
700 1 |a Wang, Shouhong  |d 1962- 
830 0 |a World Scientific series on nonlinear science. Monographs and treatises ;  |v ; 53; Series A 
852 |a INST  |b LESVOS  |e 20080808  |h 515.392 MAT  |p 005100041961  |q 005100041961  |t BK  |y 0 
901 |a BIBL1-2008-2 
909 |a Λ  |b 143762 
922 |a 1ΕΛΗ  |b 200712  |c ΕΠΕΑΕΚ2/ΤΕΘ  |d ΕΛΕΥΘΕΡΟΥΔΑΚΗΣ 
970 |a ΚΑΡΑ  |b ΓΙΑΣΕΜΗ  |z 2008/08/08